Inspired Success: Designing Your Own Definition Of Success: (Record no. 608573)

000 -LEADER
fixed length control field 00520nam a22001697a 4500
003 - CONTROL NUMBER IDENTIFIER
control field NUST
005 - DATE AND TIME OF LATEST TRANSACTION
control field 20240306114137.0
008 - FIXED-LENGTH DATA ELEMENTS--GENERAL INFORMATION
fixed length control field 240306b ||||| |||| 00| 0 eng d
020 ## - INTERNATIONAL STANDARD BOOK NUMBER
International Standard Book Number 9780645267204
038 ## - RECORD CONTENT LICENSOR
Staff Name Malang Jan
082 ## - DEWEY DECIMAL CLASSIFICATION NUMBER
Classification number 153.8
Author Mark SEN
100 1# - MAIN ENTRY--PERSONAL NAME
Personal name Senanayake,Rashan
9 (RLIN) 121886
245 ## - TITLE STATEMENT
Title Inspired Success: Designing Your Own Definition Of Success:
Remainder of title Designing Your Own Definition of Success/
Statement of responsibility, etc. by Rashan Senanayake
260 ## - PUBLICATION, DISTRIBUTION, ETC.
Name of publisher, distributor, etc. Rashan Senanayaka;
Date of publication, distribution, etc. 2021.
300 ## - PHYSICAL DESCRIPTION
Extent 259p.:
Other physical details Ill;
942 ## - ADDED ENTRY ELEMENTS (KOHA)
Source of classification or shelving scheme
Koha item type Book
Holdings
Withdrawn status Lost status Source of classification or shelving scheme Damaged status Not for loan Permanent Location Current Location Date acquired Source of acquisition Total Checkouts Full call number Barcode Date last seen Copy number Cost, replacement price Price effective from Koha item type
          School of Art Design and Architecture (SADA) School of Art Design and Architecture (SADA) 03/10/2022 Rashan Senanayake   153.8 SEN 2021 SADA0002935 03/06/2024 01 3395.00 03/06/2024 Book
          School of Art Design and Architecture (SADA) School of Art Design and Architecture (SADA) 03/10/2022 Rashan Senanayake   153.8 SEN 2021 SADA0002936 03/06/2024 02 3395.00 03/06/2024 Book
          School of Art Design and Architecture (SADA) School of Art Design and Architecture (SADA) 03/10/2022 Rashan Senanayake   153.8 SEN 2021 SADA0002937 03/06/2024 03 3395.00 03/06/2024 Book
          School of Art Design and Architecture (SADA) School of Art Design and Architecture (SADA) 03/10/2022 Rashan Senanayake   153.8 SEN 2021 SADA0002938 03/06/2024 04 3395.00 03/06/2024 Book
© 2023 Central Library, National University of Sciences and Technology. All Rights Reserved.